[Event "Turkish Championship 2019"]
[Site "Antalya-Kemer"]
[Date "2019.11.24"]
[Round "2.4"]
[White "Yilmazyerli, Mert"]
[Black "Sevgi, Volkan"]
[Result "1-0"]
[WhiteElo "2396"]
[BlackElo "2325"]
[Annotator "NA"]
[PlyCount "55"]
[EventDate "2019.11.23"]
[EventType "tourn"]
[EventCountry "TUR"]
[SourceTitle "playchess.com"]
[Source "ChessBase"]
[SourceQuality "1"]
[TimeControl "40/5400+30:1800+30"]

1. e4 {[%emt 0:00:30]} e5 {[%emt 0:00:30]} 2. Nf3 {[%emt 0:00:30]} Nc6 {[%emt 0:00:00]} 3. Bb5 {[%emt 0:01:30]} a6 {[%emt 0:01:00]} 4. Ba4 {[%emt 0:00:00]} Nf6 {[%emt 0:00:30]} 5. O-O {[%emt 0:00:00]} Be7 {[%emt 0:00:30]} 6. Re1 {[%emt 0:01:30]} b5 {[%emt 0:00:00]} 7. Bb3 {[%emt 0:00:00]} O-O {[%emt 0:01:00]} 8. c3 {[%emt 0:03:00]} d6 {[%emt 0:00:30]} 9. h3 {[%emt 0:00:30]} Na5 {[%emt 0:02:30]} 10. Bc2 {[%emt 0:00:00]} c5 {[%emt 0:00:30]} 11. d4 {[%emt 0:02:00]} Nd7 {[%emt 0:07:30]} 12. Nbd2 {[%emt 0:01:30]} exd4 {[%emt 0:01:30]} 13. cxd4 {[%emt 0:03:30]} Nc6 {[%emt 0:00:30]} 14. d5 {[%emt 0:01:30]} Nce5 {[%emt 0:01:30]} 15. Nxe5 {[%emt 0:00:30]} Nxe5 {[%emt 0:00:30]} 16. f4 {[%emt 0:00:30]} Ng6 {[%emt 0:01:30]} 17. Nf3 {[%emt 0:01:30]} Bh4 {[%emt 0:06:30]} 18. Rf1 {[%emt 0:01:30]} Bg3 {[%emt 0:00:00]} 19. f5 {[%emt 0:01:30]} Ne5 {[%emt 0:01:00]} 20. Ng5 {[%emt 0:07:30]} h6 {[%emt 0:05:30]} 21. f6 {[%emt 0:07:30]} hxg5 {[%emt 0:05:30]} 22. Bxg5 {[%emt 0:00:30]} g6 {[%emt 0:00:30]} 23. Qc1 {[%emt 0:08:30]} Nc4 {[%emt 0:10:30]} 24. Bh6 {[%emt 0:02:30]} Re8 {[%emt 0:01:30]} 25. Qg5 {[%emt 0:04:30]} Be5 {[%emt 0:00:30]} 26. Bg7 {[%emt 0:01:30]} Bd4+ {[%emt 0:00:30]} 27. Kh1 {[%emt 0:02:30]} Re5 {[%emt 0:00:30]} 28. Rf5 {[%emt 0:00:00]} 1-0

[Event "Turkish Championship 2019"]
[Site "Antalya-Kemer"]
[Date "2019.11.24"]
[Round "2.5"]
[White "Gokerkan, Cem Kaan"]
[Black "Cansun, Can Alp"]
[Result "1-0"]
[WhiteElo "2452"]
[BlackElo "2203"]
[Annotator "ChessBase"]
[PlyCount "115"]
[EventDate "2019.11.23"]
[EventType "tourn"]
[EventCountry "TUR"]
[SourceTitle "playchess.com"]
[Source "ChessBase"]
[SourceQuality "1"]
[TimeControl "40/5400+30:1800+30"]

1. e4 {[%emt 0:00:30]} c5 {[%emt 0:00:30]} 2. Nf3 {[%emt 0:00:30]} e6 {[%emt 0:00:30]} 3. d4 {[%emt 0:00:30]} cxd4 {[%emt 0:00:30]} 4. Nxd4 {[%emt 0:00:30]} Nc6 {[%emt 0:00:00]} 5. Nc3 {[%emt 0:00:00]} Qc7 {[%emt 0:00:00]} 6. Be3 {[%emt 0:00:00]} a6 {[%emt 0:00:00]} 7. Qd2 {[%emt 0:00:00]} Nf6 {[%emt 0:00:00]} 8. f4 {[%emt 0:00:00]} Bb4 {[%emt 0:03:30]} 9. Bd3 {[%emt 0:00:00]} d5 {[%emt 0:08:30]} 10. e5 {[%emt 0:03:00]} Ng4 {[%emt 0:00:30]} 11. Bg1 {[%emt 0:02:30]} Na5 {[%emt 0:04:30]} 12. h3 {[%emt 0:16:30]} Nh6 {[%emt 0:05:30]} 13. a3 {[%emt 0:01:30]} Bxc3 {[%emt 0:00:30]} 14. Qxc3 {[%emt 0:00:30]} Qxc3+ {[%emt 0:00:30]} 15. bxc3 {[%emt 0:00:30]} Bd7 {[%emt 0:01:30]} 16. Nb3 {[%emt 0:03:30]} Nc4 {[%emt 0:03:30]} 17. Bxc4 {[%emt 0:10:30]} dxc4 {[%emt 0:00:30]} 18. Na5 {[%emt 0:00:00]} Nf5 {[%emt 0:10:30]} 19. g4 {[%emt 0:12:00]} Ne7 {[%emt 0:13:30]} 20. Nxc4 {[%emt 0:14:30]} O-O {[%emt 0:03:30]} 21. Nb6 {[%emt 0:06:30]} Bc6 {[%emt 0:02:30]} 22. Rh2 {[%emt 0:00:00]} Rad8 {[%emt 0:01:30]} 23. Bc5 {[%emt 0:05:00]} Rfe8 {[%emt 0:00:00]} 24. Bxe7 {[%emt 0:03:37]} Rxe7 {[%emt 0:01:00]} 25. Rd1 {[%emt 0:00:23]} Rxd1+ {[%emt 0:00:30]} 26. Kxd1 {[%emt 0:00:30]} h5 {[%emt 0:00:30]} 27. Kd2 {[%emt 0:02:46]} Bf3 {[%emt 0:01:30]} 28. g5 {[%emt 0:00:37]} Rc7 {[%emt 0:01:30]} 29. Kd3 {[%emt 0:02:16]} h4 {[%emt 0:02:30]} 30. Kd4 {[%emt 0:01:33]} Kh7 {[%emt 0:06:30]} 31. c4 {[%emt 0:01:49]} Kg6 {[%emt 0:00:30]} 32. Rf2 {[%emt 0:00:09]} Bc6 {[%emt 0:02:30]} 33. c5 {[%emt 0:01:16]} Bb5 {[%emt 0:05:30]} 34. a4 {[%emt 0:08:15]} Bc6 {[%emt 0:00:30]} 35. Rd2 {[%emt 0:01:27]} f6 {[%emt 0:02:30]} 36. gxf6 {[%emt 0:01:20]} gxf6 {[%emt 0:00:00]} 37. a5 {[%emt 0:00:14]} Bb5 {[%emt 0:09:30]} 38. f5+ {[%emt 0:01:16]} exf5 {[%emt 0:00:43]} 39. e6 {[%emt 0:01:25]} Re7 {[%emt 0:05:38]} 40. Nd5 {[%emt 0:00:00]} Rxe6 {[%emt 0:02:48]} 41. Nf4+ {[%emt 0:02:07]} Kf7 {[%emt 0:00:21]} 42. Nxe6 {[%emt 0:00:30]} Kxe6 {[%emt 0:00:30]} 43. Rf2 {[%emt 0:00:30]} Bc6 {[%emt 0:01:30]} 44. Rf4 {[%emt 0:00:30]} Bg2 {[%emt 0:00:00]} 45. Rxh4 {[%emt 0:00:30]} f4 {[%emt 0:00:00]} 46. Rxf4 {[%emt 0:10:30]} Bxh3 {[%emt 0:00:30]} 47. c6 {[%emt 0:01:30]} bxc6 {[%emt 0:00:00]} 48. Kc5 {[%emt 0:00:30]} Ke5 {[%emt 0:04:00]} 49. Rf2 {[%emt 0:00:30]} f5 {[%emt 0:01:30]} 50. Kb6 {[%emt 0:00:30]} f4 {[%emt 0:00:30]} 51. Kxa6 {[%emt 0:00:30]} Ke4 {[%emt 0:00:30]} 52. Kb6 {[%emt 0:03:15]} Ke3 {[%emt 0:00:30]} 53. Rh2 {[%emt 0:00:07]} Bf5 {[%emt 0:00:30]} 54. a6 {[%emt 0:00:33]} c5 {[%emt 0:00:30]} 55. a7 {[%emt 0:00:30]} Be4 {[%emt 0:00:00]} 56. Rh8 {[%emt 0:00:02]} Kd4 {[%emt 0:00:00]} 57. Rf8 {[%emt 0:01:05]} f3 {[%emt 0:01:30]} 58. Rf4 {[%emt 0:00:04]} 1-0

[Event "Turkish Championship 2019"]
[Site "Antalya-Kemer"]
[Date "2019.11.25"]
[Round "3.1"]
[White "Sevgi, Volkan"]
[Black "Gokerkan, Cem Kaan"]
[Result "1-0"]
[WhiteElo "2325"]
[BlackElo "2452"]
[Annotator "TA"]
[PlyCount "65"]
[EventDate "2019.11.23"]
[EventType "tourn"]
[EventCountry "TUR"]
[SourceTitle "playchess.com"]
[Source "ChessBase"]
[SourceQuality "1"]

{[%evp 12,65,12,14,45,37,34,35,33,22,29,0,0,0,0,-81,-75,-62,-77,-84,50,45,38,0,0,0,0,0,0,0,0,0,0,0,0,0,0,4,223,213,202,217,203,215,207,180,326,325,320,341,302,293,798,710,1606,1455]} 1. e4 c5 2. Nc3 Nc6 3. Bb5 g6 4. Nf3 Bg7 5. O-O Nf6 6. Re1 O-O 7. e5 Ng4 {[%cal Rg4e5] B31: Sicilian: 2...Nc6 3 Bb5 g6} 8. Bxc6 $1 dxc6 9. h3 Nh6 {White is slightly better.} 10. Ne4 b6 11. d4 $146 ({Predecessor:} 11. d3 Nf5 12. c3 Ba6 13. g4 Nh6 14. d4 cxd4 15. cxd4 f5 16. exf6 exf6 {½-½ (56) Robson,N (2596)-Standke,W (2506) ICCF email 2013}) 11... cxd4 $1 12. Bf4 Qd5 13. Qc1 (13. Qxd4 $11 {remains equal.} Qxd4 14. Nxd4) 13... Nf5 $1 $17 14. c4 dxc3 15. Nxc3 Qc5 (15... Qd7 $1 $17 16. Rd1 Qb7) 16. Re4 $36 {[%mdl 2048] And now b4 would win. White has some pressure.} b5 17. b4 (17. g4 $5 {[%cal Rg4f5]}) 17... Qb6 18. g4 a5 19. gxf5 Bxf5 20. Be3 Qb7 {Threatens to win with ...c5.} 21. Rh4 {Black must now prevent Bh6.} c5 22. Bh6 $1 {[%cal Rh6g7] aiming for Bxg7.} Qxf3 23. Bxg7 {White wants to mate with Qh6.} Bxh3 {[%csl Gh3][%cal Rf3g2]} 24. Qg5 $1 {Strongly threatening Nd5!} f6 $2 (24... Qxc3 {[#]} 25. Qh6 $1 {[%mdl 512]} Qxa1+ 26. Kh2 $1 {[%mdl 512]} Qg1+ 27. Kxg1 f6 28. Bxf8 Kf7 29. Qg7+ Ke6 30. Qxe7+ Kf5 31. Qxf6#) (24... Rfd8 $1 $11 25. Ne4 (25. Rxh7 $2 Qg4+ 26. Qxg4 Bxg4 $17) 25... axb4 26. Rxh7 Qg4+ 27. Kh2 (27. Qxg4 Bxg4 28. Ng5 Be6 $11) 27... Qg2+ 28. Qxg2 Bxg2) 25. exf6 $18 exf6 26. Qd5+ Qxd5 27. Nxd5 Kxg7 28. Rxh3 Rad8 (28... Rac8 $142) 29. Nc7 Rd6 30. Re1 ({Resist} 30. bxa5 Rc6 $18) ({Not} 30. Nxb5 Rb6 $11) 30... Kg8 31. bxa5 ({Don't play} 31. bxc5 Rc6 $18) 31... Rc8 $2 (31... Rd7) 32. Re7 c4 33. Rexh7 {Accuracy: White = 79%, Black = 46%.} 1-0

[Event "Turkish Championship 2019"]
[Site "Antalya-Kemer"]
[Date "2019.11.25"]
[Round "3.2"]
[White "Yilmaz, Mustafa"]
[Black "Yilmazyerli, Mert"]
[Result "1-0"]
[WhiteElo "2605"]
[BlackElo "2396"]
[Annotator "TA"]
[PlyCount "109"]
[EventDate "2019.11.23"]
[EventType "tourn"]
[EventCountry "TUR"]
[SourceTitle "playchess.com"]
[Source "ChessBase"]
[SourceQuality "1"]

{[%evp 15,109,8,6,8,31,1,12,12,12,12,15,8,8,8,21,18,36,37,35,29,38,20,50,33,66,57,58,58,42,28,35,37,57,57,57,57,77,57,62,60,60,60,84,65,94,88,134,134,159,162,169,170,154,157,188,157,157,152,166,138,141,110,156,146,246,256,193,231,396,390,1131,1044,999,472,774,345,437,409,879,844,12841,1096,12842,177,12843,12843,12847,12847,12847,12848,12848,12849,12849,12850,12850,908]} 1. d4 ({Predecessor:} 1. Nf3 Nf6 2. c4 e6 3. Nc3 d5 {1-0 (46) Deneuville,C (2163)-Daroczy,S (2097) ICCF email 2011}) 1... Nf6 2. c4 e6 3. Nf3 d5 4. Nc3 Be7 5. Bf4 O-O 6. e3 Nbd7 7. c5 c6 8. Bd3 b6 9. b4 {D37: Queen's Gambit Declined: 5 Bf4} a5 10. a3 Ba6 {Strongly threatening ...Bxd3.} 11. O-O {The position is equal.} Qc8 12. h3 Qb7 13. Qc2 (13. Bxa6 {with more complications.} Qxa6 14. Qb1 Rfc8 15. Qb2 Qb7 16. Rfb1) 13... Bxd3 14. Qxd3 axb4 15. axb4 Rxa1 16. Rxa1 Ra8 17. Qb1 $146 h6 18. g4 Ra7 19. Kg2 Qa8 20. Rxa7 Qxa7 21. Qb3 {b5 is the strong threat.} b5 22. Nd2 (22. Qa2 {looks sharper.} Qb7 23. Bg3 Nf8 24. Qb3 g5 25. Qb1) 22... Bd8 23. Qa2 Qxa2 24. Nxa2 {Threatens to win with Nb3.} Ne8 25. Nb3 {Hoping for Na5.} Bc7 26. Na5 Nb8 27. Bxc7 Nxc7 $14 {[%mdl 4096] Endgame KNN-KNN} 28. Nc1 f6 29. Nd3 Kf7 30. Kg3 Nca6 31. Kh4 g5+ 32. Kh5 $1 {[%cal Rh5h6]} Kg7 33. h4 gxh4 34. Kxh4 e5 35. dxe5 fxe5 36. Nxe5 Nxb4 37. Kh5 N4a6 38. Nb3 $1 ({Much weaker is} 38. Nexc6 $6 Nxc6 39. Nxc6 b4 $11) 38... Nc7 39. Nd4 Nca6 {[#]} (39... b4 $16 40. g5 hxg5) 40. Nf5+ $1 $18 ({Weaker is} 40. Ndxc6 Nxc6 41. Nxc6 b4 $11) 40... Kf6 {[#]} 41. f4 $1 Nxc5 $2 (41... b4) 42. Kxh6 Ncd7 $2 (42... Ne4 43. Nd4 c5 44. Nxb5 c4) 43. Nd4 c5 44. g5+ Ke7 45. Ng6+ (45. Nxd7 $142 Nxd7 46. Nxb5) 45... Kf7 46. Nxb5 Nc6 (46... Ke6 $142 47. Nh4 Nc6 48. f5+ Kf7) 47. f5 d4 48. exd4 (48. Nd6+ $142 Kg8 49. exd4 cxd4 50. f6) 48... cxd4 49. Nd6+ Kg8 {and the idea ...d3 leaves Black hopeful.} 50. f6 {[%csl Gd6][%cal Rf6f7] White is clearly winning.} Nd8 51. Ne7+ Kf8 52. Kh7 {[%cal Re7g6]} Ne5 53. g6 {[%csl Gf6,Gh7][%cal Rg6g7]} Ne6 54. g7+ Nxg7 55. Ng6+ {Accuracy: White = 69%, Black = 44%.} (55. fxg7+ $142 Kxe7 56. Nc8+ Kd7 57. g8=Q) 1-0

[Event "Turkish Championship 2019"]
[Site "Antalya-Kemer"]
[Date "2019.11.25"]
[Round "3.3"]
[White "Kamer, Kayra"]
[Black "Haznedaroglu, Kivanc"]
[Result "1/2-1/2"]
[WhiteElo "2329"]
[BlackElo "2461"]
[Annotator "TA"]
[PlyCount "124"]
[EventDate "2019.11.23"]
[EventType "tourn"]
[EventCountry "TUR"]
[SourceTitle "playchess.com"]
[Source "ChessBase"]
[SourceQuality "1"]

{[%evp 11,124,30,37,42,26,-6,0,-7,22,6,14,24,40,34,34,0,0,-29,-5,-30,-10,-30,0,0,29,0,26,20,94,0,55,47,79,80,85,60,105,109,200,226,226,230,362,178,851,841,29980,29980,2793,1002,950,22,52,52,53,61,61,10,256,256,256,179,256,256,256,256,256,256,254,179,258,179,370,179,179,0,370,179,370,370,370,179,179,179,179,179,179,179,179,179,179,179,370,370,370,370,370,370,370,370,370,370,370,370,370,370,370,370,370,370,370,370,370,0,0]} 1. e4 d6 2. d4 Nf6 3. Nc3 g6 4. Be3 Bg7 5. Qd2 c6 6. h3 b5 7. Bd3 {B07: Pirc Defence: Miscellaneous Systems} Nbd7 8. a4 (8. Nf3 e5 9. O-O O-O 10. dxe5 dxe5 11. a4 b4 12. Ne2 a5 13. Ng3 Qe7 14. Bh6 Nc5 15. Bxg7 Kxg7 16. Rfd1 h6 17. Qe3 Rd8 18. b3 Ra7 {½-½ (41) Saric,I (2652)-Andriasian,Z (2621) Tallinn 2016}) 8... b4 9. Nce2 a5 10. Bh6 $146 ({Predecessor:} 10. Nf3 Bb7 11. O-O Rc8 12. Rfd1 O-O 13. Bh6 c5 14. Bxg7 Kxg7 {0-1 (42) Dehmel,J (1184)-Hartewig,A (1621) Sebnitz 2013}) 10... Bxh6 11. Qxh6 c5 12. Nf3 $1 Qc7 13. e5 dxe5 14. dxe5 Nxe5 15. Nxe5 Qxe5 16. O-O-O Bd7 (16... Ba6 $142 17. Rhe1 Bxd3 18. Rxd3 c4) 17. Rhe1 $11 Qh5 18. Qf4 {aiming for Ng3.} (18. Qe3 $5 {[%cal Re2f4]} Nd5 19. Qxc5 $14) 18... h6 19. Qe3 {Hoping for Nf4!} O-O (19... Qg5 $11 {keeps the balance.}) 20. g4 (20. Qxe7 $16 Kg7 21. Nf4) 20... Qh4 (20... Qg5 $11) 21. Bc4 {Strongly threatening Nf4.} e5 22. Rd6 Kg7 23. Red1 (23. Qxe5 $6 Rfe8 $11) (23. Qxc5 $2 Rac8 $19) 23... Bxa4 24. b3 $36 {[%mdl 2048] White is in control.} (24. Qxe5 Rfe8 $15) 24... Be8 (24... Bd7 $16) 25. f4 $1 $18 ({Worse is} 25. Qxe5 Qg5+ 26. f4 Qxe5 $15) 25... exf4 26. Nxf4 Qg5 {[#]} (26... Ra7 {is a better defense.} 27. Rf1 (27. Qxc5 Re7 $14) 27... Kh7) 27. h4 (27. Re6 $142 $3 {[%mdl 512]}) 27... Qxg4 $2 (27... Nxg4 28. Qg3 Qe5) 28. Rf1 a4 {[#]} 29. Rxf6 $1 {[%mdl 512]} axb3 {[#]} (29... Kxf6 30. Nh5#) 30. Rxg6+ $1 {[%mdl 512]} fxg6 {[#]} 31. Ne6+ $2 {[#]} (31. Qe5+ $1 $18 Kh7 32. Qe7+ {[%mdl 64] Double Attack} Bf7 33. Bxf7 Rxf7 34. Qxf7+ {[%mdl 64] Double Attack} Kh8 35. Nxg6+ Qxg6 36. Qxg6 Ra1+ 37. Kb2 Rxf1 38. Qxh6+ Kg8 39. Kxb3) 31... Qxe6 $1 $11 {[%mdl 512]} 32. Qxe6 (32. Bxe6 Rxf1+) 32... Rxf1+ $1 33. Bxf1 Ra1+ 34. Kb2 ({White should try} 34. Kd2 $1 $14 Rxf1 35. Qxe8 Rf2+ 36. Kc1) 34... Rxf1 $2 (34... Ra2+ $11 {and Black stays safe.} 35. Kc1 Rxc2+ 36. Kb1 Bf7) 35. Qxe8 $18 bxc2 $11 {[%mdl 4096] Endgame KQ-KR} 36. Qe5+ Kh7 (36... Kg8 {might work better.} 37. Kxc2 Rf2+ 38. Kb3 Rf3+ 39. Kc4 Rf5 40. Qe6+ Kg7 41. Qe7+ Kg8) 37. Kxc2 Rf5 38. Qe7+ Kg8 39. Qe6+ Kg7 40. Qc4 Rf3 (40... h5 $142 41. Qe6 Kh7) 41. Kb2 h5 $2 (41... Rf5 {was worth a try.} 42. Qe6 Rf2+ 43. Kb3 Rf5 44. Qe7+ Kh8 45. Qe8+ Kg7 46. Qe7+ Kh8) 42. Qe6 (42. Qxc5 $142 Rf8 43. Qe7+ Rf7 44. Qxb4) 42... Rf5 $18 43. Qc4 $2 (43. Qe7+ Kg8 44. Kb3) 43... Rf3 $1 44. Ka2 (44. Qxc5 $142 Rf5 45. Qxb4) 44... Ra3+ $2 {[#]} (44... Rf2+ {was necessary.} 45. Kb3 Rf5) 45. Kb1 $1 Rf3 46. Qe4 (46. Qxc5 $142 b3 47. Kb2) 46... Rf5 47. Qe7+ Kg8 48. Qe8+ Kg7 49. Qd7+ Kg8 50. Qc8+ Kg7 51. Kb2 c4 $2 (51... Rf2+ 52. Kb3 Rf5 53. Qc7+ Kg8) 52. Qxc4 b3 53. Qd4+ Kg8 54. Qd7 Kh8 55. Qe7 Kg8 56. Kxb3 Kh8 57. Kc4 Kg8 58. Kd4 Kh8 59. Ke4 Kg8 60. Qe8+ Kg7 61. Qd7+ Kg8 62. Qxf5 $2 ({Better is} 62. Qc7 $18) 62... gxf5+ {Accuracy: White = 50%, Black = 41%.} 1/2-1/2

[Event "Turkish Championship 2019"]
[Site "Antalya-Kemer"]
[Date "2019.11.25"]
[Round "3.4"]
[White "Koksal, Ege"]
[Black "Ozen, Deniz"]
[Result "1-0"]
[WhiteElo "2375"]
[BlackElo "2422"]
[Annotator "ChessBase"]
[PlyCount "73"]
[EventDate "2019.11.23"]
[EventType "tourn"]
[EventCountry "TUR"]
[SourceTitle "playchess.com"]
[Source "ChessBase"]
[SourceQuality "1"]
[TimeControl "40/5400+30:1800+30"]

1. d4 {[%emt 0:00:30]} d5 {[%emt 0:00:30]} 2. c4 {[%emt 0:00:30]} c6 {[%emt 0:00:00]} 3. Nc3 {[%emt 0:00:00]} Nf6 {[%emt 0:00:00]} 4. Nf3 {[%emt 0:00:00]} dxc4 {[%emt 0:00:30]} 5. a4 {[%emt 0:00:00]} Bf5 {[%emt 0:00:00]} 6. Ne5 {[%emt 0:01:00]} e6 {[%emt 0:00:00]} 7. f3 {[%emt 0:00:30]} Bb4 {[%emt 0:00:30]} 8. Nxc4 {[%emt 0:00:00]} O-O {[%emt 0:00:30]} 9. Bg5 {[%emt 0:00:00]} h6 {[%emt 0:04:30]} 10. Bh4 {[%emt 0:00:00]} Be7 {[%emt 0:01:30]} 11. e4 {[%emt 0:07:00]} Bh7 {[%emt 0:00:30]} 12. Be2 {[%emt 0:05:30]} Nbd7 {[%emt 0:05:30]} 13. Bf2 {[%emt 0:05:30]} Nb6 {[%emt 0:10:30]} 14. Ne5 {[%emt 0:04:30]} Nbd7 {[%emt 0:01:30]} 15. Nd3 {[%emt 0:04:30]} Rc8 {[%emt 0:10:30]} 16. O-O {[%emt 0:05:30]} a5 {[%emt 0:21:30]} 17. Qb3 {[%emt 0:01:30]} b6 {[%emt 0:07:30]} 18. Rac1 {[%emt 0:01:30]} Re8 {[%emt 0:09:30]} 19. Rfd1 {[%emt 0:01:30]} Qc7 {[%emt 0:02:30]} 20. Nb1 {[%emt 0:16:30]} Qa7 {[%emt 0:01:30]} 21. Na3 {[%emt 0:00:30]} Bf8 {[%emt 0:14:05]} 22. Nc4 {[%emt 0:00:30]} Be7 {[%emt 0:01:24]} 23. Nce5 {[%emt 0:02:30]} Nxe5 {[%emt 0:01:07]} 24. Nxe5 {[%emt 0:00:30]} Qb7 {[%emt 0:02:02]} 25. Nc4 {[%emt 0:00:30]} Bb4 {[%emt 0:00:42]} 26. Be1 {[%emt 0:01:30]} Bxe1 {[%emt 0:00:18]} 27. Rxe1 {[%emt 0:00:00]} Red8 {[%emt 0:01:52]} 28. Nxa5 {[%emt 0:07:00]} Qd7 {[%emt 0:00:22]} 29. Qxb6 {[%emt 0:00:30]} Rb8 {[%emt 0:00:41]} 30. Qc5 {[%emt 0:00:30]} Bxe4 {[%emt 0:00:12]} 31. fxe4 {[%emt 0:00:30]} Nxe4 {[%emt 0:00:15]} 32. Qe5 {[%emt 0:00:30]} Nd2 {[%emt 0:02:44]} 33. Nxc6 {[%emt 0:01:30]} Rxb2 {[%emt 0:00:01]} 34. Nxd8 {[%emt 0:00:30]} Qxd8 {[%emt 0:00:02]} 35. a5 {[%emt 0:01:30]} Ra2 {[%emt 0:00:11]} 36. Ra1 {[%emt 0:01:30]} Qh4 {[%emt 0:00:02]} 37. Qe3 {[%emt 0:01:30]} 1-0

[Event "Turkish Championship 2019"]
[Site "Antalya-Kemer"]
[Date "2019.11.25"]
[Round "3.5"]
[White "Yuksel, Atilla Koksal"]
[Black "Sanal, Vahap"]
[Result "0-1"]
[WhiteElo "2250"]
[BlackElo "2545"]
[Annotator "TA"]
[PlyCount "104"]
[EventDate "2019.11.23"]
[EventType "tourn"]
[EventCountry "TUR"]
[SourceTitle "playchess.com"]
[Source "ChessBase"]
[SourceQuality "1"]

{[%evp 9,104,-17,3,1,2,3,2,-2,1,1,1,0,0,-18,0,0,0,0,0,-8,-11,0,0,-16,-11,-20,-9,-15,26,20,28,12,15,16,20,12,20,4,18,18,37,35,30,31,39,0,32,0,39,0,52,3,14,0,0,0,0,-8,-11,-6,-7,-5,-4,-22,-25,-31,-28,-37,-28,-27,0,0,0,0,0,0,0,0,0,0,0,0,0,-232,-256,-296,-247,-563,-553,-1060,-994,-953,-855,-840,-677,-29979,-29977]} 1. d4 Nf6 2. Nc3 d5 3. Bg5 Nbd7 4. Qd3 h6 5. Bh4 e6 6. e4 {D01: Veresov Opening} dxe4 7. Nxe4 Be7 {...Nxe4 is the strong threat.} 8. Nxf6+ {The position is equal.} Bxf6 9. Bxf6 Nxf6 (9... Qxf6 10. Nf3 O-O 11. Qe3 c5 12. O-O-O cxd4 13. Rxd4 {1-0 (52) Nakamura,H (2784)-Caruana,F (2774) Moscow 2013}) 10. Nf3 O-O 11. O-O-O Qd5 12. Kb1 b6 13. Ne5 $146 Bb7 14. Qe3 c5 15. Bc4 Qe4 16. Qxe4 Nxe4 17. Rhf1 Nd6 18. Be2 {aiming for dxc5.} Rfd8 19. dxc5 bxc5 20. Bf3 Bxf3 21. Nxf3 f6 22. c3 Kf7 23. Kc2 Rab8 24. Nd2 e5 25. Rfe1 h5 26. Ne4 Nb7 27. Nd2 Nd6 28. Ne4 Nb7 $1 29. Nd2 g5 ({Black should try} 29... Nd6 $11) 30. Nc4 Ke6 31. b3 g4 32. a4 Nd6 33. Nxd6 Rxd6 34. Rxd6+ Kxd6 $11 {[%mdl 4096] Endgame KR-KR} 35. Rd1+ Ke6 36. c4 a5 37. Rd5 Rc8 38. Kd2 h4 39. Ke2 Kf5 40. Kd2 Rc7 41. Rd6 Rb7 42. Kc2 $1 g3 43. hxg3 hxg3 44. fxg3 Rg7 45. Rd3 Ke6 46. Kd1 $2 {[#]} (46. Rd5 $11 {and White stays safe.}) 46... e4 $1 $19 {[%cal Re4d3]} 47. Rd5 {[#]} Rg5 $1 {[%cal Rg5d5]} 48. Rd2 $2 (48. Rd8 Rxg3 49. Rc8) 48... Rxg3 49. Rd5 Rxg2 50. Rxc5 f5 51. Rd5 f4 52. Rd2 f3 {Accuracy: White = 43%, Black = 78%.} 0-1

[Event "Turkish Championship 2019"]
[Site "Antalya-Kemer"]
[Date "2019.11.26"]
[Round "4.1"]
[White "Ozen, Deniz"]
[Black "Yuksel, Atilla Koksal"]
[Result "1-0"]
[WhiteElo "2422"]
[BlackElo "2250"]
[Annotator "TA"]
[PlyCount "132"]
[EventDate "2019.11.23"]
[EventType "tourn"]
[EventCountry "TUR"]
[SourceTitle "playchess.com"]
[Source "ChessBase"]
[SourceQuality "1"]

{[%evp 12,132,14,24,20,6,17,1,0,0,18,-22,-15,-18,-2,-29,1,-27,-10,-4,10,18,14,41,46,0,38,32,100,42,53,27,77,83,85,85,108,-4,8,0,0,0,4,0,0,-81,167,165,198,168,167,167,160,151,202,201,183,188,189,181,182,173,367,347,395,385,356,304,322,301,310,287,625,675,661,617,541,635,662,673,638,638,622,622,597,597,587,568,579,554,793,541,29948,29944,6111,438,6747,5800,29950,29951,29956,29960,29959,29959,29960,29960,11400,6649,29961,29965,29965,29972,29972,29973,29973,29974,29974,29962,29979,29980,29980,29980,4602]} 1. e4 c5 2. Nf3 Nc6 3. Bb5 g6 4. Bxc6 dxc6 5. d3 Bg7 6. h3 Nf6 7. O-O Nd7 {B31: Sicilian: 2...Nc6 3 Bb5 g6} 8. Nbd2 (8. Nc3 b6 9. a3 a5 10. Nd2 e5 11. Nc4 O-O 12. f4 exf4 13. Bxf4 Ba6 14. Bd6 Re8 15. Qf3 Bxc4 16. dxc4 {0-1 (34) Jumabayev,R (2602)-Le,Q (2714) St Petersburg 2018}) 8... e5 9. a3 a5 {The position is equal.} 10. Nc4 O-O 11. Bg5 $146 ({Predecessor:} 11. a4 b5 12. Na3 Ba6 13. Be3 f5 14. c3 f4 15. Bd2 {1-0 (31) Savchenko,V (2437)-Nalbandian,T (2456) Dortmund 2011}) 11... f6 12. Be3 b5 13. Ncd2 Qe7 14. a4 f5 15. Bg5 $36 {[%mdl 2048] White fights for an advantage.} Qd6 16. exf5 gxf5 17. Re1 c4 18. dxc4 e4 {White must now prevent ...h6.} 19. cxb5 Nb6 ({Better is} 19... h6 $14) 20. c3 ({White should play} 20. Nh4 $16) 20... cxb5 $14 21. axb5 exf3 22. Be7 (22. Nxf3 $6 Qxd1 23. Raxd1 Na4 $11) 22... Qg6 {[%csl Gf3][%cal Rg6g2]} 23. Qxf3 Re8 24. Nc4 ({Only move:} 24. Bc5 $16 Rb8 25. Rxe8+ Qxe8 26. Rxa5) 24... Nxc4 25. Qxa8 {aiming for Rad1.} Be6 26. Bd8 {next Rad1 is good for White.} Ne5 $1 ({Avoid the trap} 26... Nxb2 $2 27. b6 $18) 27. Rad1 {Threatens to win with f4.} Bb3 28. b6 (28. f4 $11 Nd7 29. Qc6 (29. Qxa5 Bf8 $11) 29... Bxd1 30. Rxd1 Rxd8 31. Rxd7 Rxd7 32. Qxd7) 28... Bxd1 $2 (28... Ba4 $17 {keeps the pressure on.} 29. Qd5+ Kh8) 29. Qd5+ $18 Qf7 {( -> ...Nf3+!)} 30. Rxd1 Qxd5 31. Rxd5 Nc6 32. Bc7 $1 Be5 (32... a4 $16 {is a better defense.} 33. Rc5 (33. Rxf5 Be5 $16) 33... Nd8) 33. Rc5 Bxc7 34. bxc7 {[%mdl 4096] Endgame KRN-KR} Ne7 35. Rxa5 Kf7 36. b4 {[%cal Bb2b4,Bb4b5,Bb5b6][%mdl 32]} Ke6 $2 (36... Nc8 37. Rxf5+ Ke6) 37. b5 $1 Nc8 {[#]} 38. b6 $1 {[%cal Rb6b7] And now b7 would win.} Nd6 39. Rc5 Kd7 40. f4 Re1+ {[#]} 41. Kh2 $1 {White threatens b7! and mate.} Rb1 $2 (41... Re8 42. c4 h5) 42. Rd5 Rxb6 {Hoping for ...Rc6.} 43. c4 $1 {[%cal Rc4c5]} Kc8 44. c5 $1 {[%csl LRb6,LRd6][%mdl 64] Double Attack} Rb5 45. Rxd6 Rxc5 {KR-KR} 46. Rd8+ Kxc7 47. Rh8 Kd6 48. Rxh7 Rc3 49. Rf7 Ke6 50. Ra7 Rb3 51. Ra5 Rc3 52. Re5+ Kf6 53. Rb5 (53. g4 $142 fxg4 54. hxg4) 53... Ke6 (53... Rc4 $142 54. Kg3 Rc8) 54. g4 fxg4 55. hxg4 Ra3 56. Kg2 Rc3 57. Re5+ Kf6 58. Kf2 Ra3 59. Re3 Ra6 60. Kf3 {White mates.} Ra1 61. g5+ Kg6 62. Re6+ Kf7 63. Rb6 Kg7 64. Kg4 Kf7 65. Rb7+ Ke6 66. f5+ Kd5 {Accuracy: White = 58%, Black = 28%.} 1-0